00497nam a2200193 a 4500001001300000003000900013005001700022008004100039020000900080082001600089100002000105245004100125260004100166300000900207500003500216505001000251650002200261700002000283nice12345678IN_TiNIC20260116011717.0050524s1966 cala grp 000 0 eng  ac1000a922.97bNAY aNayar, Pyarelal aThrown to the Wolvesb Abdul Ghaffar aCalcuttabEastlight Book Housec1966 a164p aincludes index and biblioraphy2 aindex aAbul Ghaffar Khan1 aNayar, Pyarelal